मराठी वृत्तपत्रांचा इतिहास. (Record no. 538216)

MARC details
000 -LEADER
fixed length control field 00526nam a2200133Ia 4500
008 - FIXED-LENGTH DATA ELEMENTS--GENERAL INFORMATION
fixed length control field 100328s9999 xx 000 0 und d
082 ## - DEWEY DECIMAL CLASSIFICATION NUMBER
Item number 51237
100 ## - MAIN ENTRY--PERSONAL NAME
Personal name लेले रा.के.
245 ## - TITLE STATEMENT
Title मराठी वृत्तपत्रांचा इतिहास.
260 ## - PUBLICATION, DISTRIBUTION, ETC. (IMPRINT)
Name of publisher, distributor, etc कॉन्टिनेन्टल
630 ## - SUBJECT ADDED ENTRY--UNIFORM TITLE
Uniform title मराठी वृत्तपत्रांचा इतिहास.
730 ## - ADDED ENTRY--UNIFORM TITLE
Uniform title मराठी वृत्तपत्रांचा इतिहास.
942 ## - ADDED ENTRY ELEMENTS (KOHA)
Koha item type Book
Holdings
Withdrawn status Lost status Damaged status Not for loan Home library Current library Date acquired Total Checkouts Barcode Date last seen Price effective from Koha item type
        Rantagiri (Dist.) Nagar Vachanalaya Rantagiri (Dist.) Nagar Vachanalaya 03/28/2010   RNV-51237 03/28/2010 03/28/2010 Book